000 00794cam a2200277 i 4500
001 17801890
003 OSt
005 20230902105628.0
008 130705s2015 ctua 001 0 eng
010 _a 2013944588
020 _a9789386668035
020 _a9781285165875
040 _aDLC
_beng
_erda
_cDLC
042 _apcc
050 0 4 _aHB171.5
_b.M264 2015
082 0 0 _a330
_bMAN/P
100 _aMankiw, N Gregory
_9458
245 1 0 _aPrinciples of economics /
_cN. Gregory Mankiw.
250 _aSeventh edition.
264 1 _aStamford, CT :
_bCengage Learning,
_c[2015]
300 _a847 pages :
_billustrations ;
_c26 cm
338 _avolume
_2rdacarrier
500 _aIncludes index.
650 0 _aEconomics.
942 _2ddc
_cBK
_h330
_iMAN/P
_k330
_mMAN/P
999 _c42050
_d42050